Společenská odpovědnost v lázeňství: shody či rozdíly? (komparativní studie českého a japonského prostředí)
Porovnanie vybraných aspektov českého a japonského kúpeľníctva. História, legislatívny rámec a vývoj kúpeľov v poslednom desaťročí. Podstata českého liečebného a japonského tradičného kúpeľníctva.
Guardado en:
| Autor principal: | |
|---|---|
| Otros Autores: | , , |
| Formato: | Capítulo de libro |
| Lenguaje: | checo |
| Materias: | |
| Etiquetas: |
Sin Etiquetas, Sea el primero en etiquetar este registro!
|
MARC
| LEADER | 00000naa a2200000 4500 | ||
|---|---|---|---|
| 001 | 0135051 | ||
| 005 | 20231207101643.0 | ||
| 041 | 0 | |a cze | |
| 044 | |a CZ | ||
| 245 | 1 | 0 | |a Společenská odpovědnost v lázeňství: shody či rozdíly? (komparativní studie českého a japonského prostředí) |c Ivana Kraftová, Yoriko Masuyama, Zdeněk Matěja, Martina Kornfeldová |
| 520 | |a Porovnanie vybraných aspektov českého a japonského kúpeľníctva. História, legislatívny rámec a vývoj kúpeľov v poslednom desaťročí. Podstata českého liečebného a japonského tradičného kúpeľníctva. | ||
| 610 | 2 | 0 | |a Česko |
| 610 | 2 | 0 | |a Japonsko |
| 610 | 2 | 0 | |a história |
| 610 | 2 | 0 | |a kultúra |
| 610 | 2 | 0 | |a kúpeľníctvo |
| 610 | 2 | 0 | |a kúpele |
| 610 | 2 | 0 | |a liečenie kúpeľné |
| 610 | 2 | 0 | |a starostlivosť zdravotná |
| 610 | 2 | 0 | |a marketing |
| 610 | 2 | 0 | |a zodpovednosť spoločenská |
| 610 | 2 | 0 | |a kvalita života |
| 100 | 1 | |a Kraftová, Ivana | |
| 700 | 1 | |a Masuyama, Yoriko | |
| 700 | 1 | |a Matěja, Zdeněk | |
| 700 | 1 | |a Kornfeldová, Martina | |